Qué pueden esperar los pobres de la educación?
Gorde:
| Egile Nagusiak: | , |
|---|---|
| Formatua: | Liburua |
| Hizkuntza: | gaztelania |
| Argitaratua: |
Santiago
CIDE
1990
|
| Gaiak: | |
| Etiketak: |
Etiketa erantsi
Etiketarik gabe, Izan zaitez lehena erregistro honi etiketa jartzen!
|
MARC
| LEADER | 00000cam a2200000 a 4500 | ||
|---|---|---|---|
| 001 | UCW5310 | ||
| 003 | CL-VaPUC | ||
| 008 | 910401e19900000CL |||||||||||||||||spa|d | ||
| 082 | 0 | 4 | |a 306.43 |b GAR |2 21 |
| 100 | |a García-Huidobro Saavedra, Juan Eduardo |e author |9 489835 | ||
| 700 | 0 | |a Zúñiga Zárate, Luis |e author |9 310224 | |
| 245 | 1 | 0 | |a Qué pueden esperar los pobres de la educación? |
| 300 | |a 278 p | ||
| 942 | |c BK | ||
| 945 | |d 19910401 00:00:00 | ||
| 260 | |a Santiago |b CIDE |c 1990 | ||
| 650 | 0 | |a Sociología de la educación |9 260380 | |
| 650 | 0 | |a Democratización de la educación |9 307986 | |
| 650 | 0 | |a Educación |9 258661 | |
| 651 | 0 | |a América Latina |9 255027 | |
| 583 | |a last modification |c 20120601 12:02:01 |k Rodrigo Vera | ||
| 999 | |c 218775 |d 218773 | ||
| 952 | |0 0 |1 0 |4 0 |6 306_430000000000000_GAR_1990 |7 0 |8 A |9 208901 |a BIBEDU |b BIBEDU |d 2019-11-15 |i 2766981 |o 306.43 GAR 1990 |p 2766981 |r 2019-11-15 |w 2019-11-15 |y BK |k EDU | ||
| 952 | |0 0 |1 0 |4 0 |6 306_430000000000000_GAR_1990 |7 0 |8 A |9 208902 |a BIBGIM |b BIBGIM |d 2019-11-15 |i 276699K |o 306.43 GAR 1990 |p 276699K |r 2025-01-15 |w 2019-11-15 |y BK |k SSL | ||
| 952 | |0 0 |1 0 |4 0 |6 306_430000000000000_GAR_1990 |7 0 |8 A |9 208903 |a BIBEDU |b BIBEDU |d 2019-11-15 |i 4838548 |l 2 |o 306.43 GAR 1990 |p 4838548 |r 2022-07-25 |s 2022-07-13 |w 2019-11-15 |y BK |k EPE | ||